Estimación de factores de riesgo del retardo en la cicatrización en pacientes quemados = (Registro nro. 67072)

Detalles MARC
000 -LEADER
campo de control de longitud fija 01668nab a2200409 i 4500
001 - NÚMERO DE CONTROL
campo de control 67072
003 - IDENTIFICADOR DE NÚMERO DE CONTROL
campo de control FINmELB
005 - FECHA Y HORA DE LA ÚLTIMA TRANSACCIÓN
campo de control 20241217142758.0
006 - CÓDIGOS DE INFORMACIÓN DE LONGITUD FIJA--CARACTERÍSTICAS DEL MATERIAL ADICIONAL
campo de control de longitud fija m o d |
007 - CAMPO FIJO DE DESCRIPCIÓN FÍSICA--INFORMACIÓN GENERAL
campo de control de longitud fija cr cnu||||||||
008 - DATOS DE LONGITUD FIJA--INFORMACIÓN GENERAL
campo de control de longitud fija 240708c20239999cu qr p o 0 0spa d
022 ## - NÚMERO INTERNACIONAL NORMALIZADO PARA PUBLICACIONES SERIADAS
Número Internacional Normalizado para Publicaciones Seriadas 1561-2945
035 ## - NÚMERO DE CONTROL DEL SISTEMA
Número de control de sistema (OCoLC)1472950047
040 ## - FUENTE DE CATALOGACIÓN
Centro catalogador/agencia de origen FINmELB
Lengua de catalogación spa
Normas de descripción rda
Centro/agencia transcriptor FINmELB
050 #4 - SIGNATURA TOPOGRÁFICA DE LA BIBLIOTECA DEL CONGRESO
Número de clasificación RD31
Número de ítem .R637 2023
080 ## - NÚMERO DE LA CLASIFICACIÓN DECIMAL UNIVERSAL
Número de la Clasificación Decimal Universal 616-089(045)(729.1)
082 04 - NÚMERO DE LA CLASIFICACIÓN DECIMAL DEWEY
Número de clasificación 617
Información de edición 23
100 1# - ENTRADA PRINCIPAL--NOMBRE DE PERSONA
Nombre de persona Rodríguez Salazar, Orlando Bismark,
Término indicativo de función/relación autor.
245 10 - MENCIÓN DEL TÍTULO
Título Estimación de factores de riesgo del retardo en la cicatrización en pacientes quemados =
Resto del título Estimation of Risk Factors for Delayed Healing in Burn Patients /
Mención de responsabilidad, etc. Orlando Bismark Rodríguez Salazar, Zaily Fuentes Díaz, Tania Puerto Pérez.
264 #1 - PRODUCCIÓN, PUBLICACIÓN, DISTRIBUCIÓN, FABRICACIÓN Y COPYRIGHT
Producción, publicación, distribución, fabricación y copyright La Habana :
Nombre del de productor, editor, distribuidor, fabricante Editorial Ciencias Médicas,
Fecha de producción, publicación, distribución, fabricación o copyright 2023.
336 ## - TIPO DE CONTENIDO
Término de tipo de contenido texto
Código de tipo de contenido txt
Fuente rdacontent/spa
337 ## - TIPO DE MEDIO
Nombre/término del tipo de medio computadora
Código del tipo de medio c
Fuente rdamedia/spa
338 ## - TIPO DE SOPORTE
Nombre/término del tipo de soporte recurso en línea
Código del tipo de soporte cr
Fuente rdacarrier/spa
546 ## - NOTA DE IDIOMA
Nota de lengua/lenguaje Resumen en español e inglés.
590 ## - NOTA LOCAL (RLIN)
Nota local Recurso electrónico. Santa Fe, Arg.: elibro, 2024. Disponible vía World Wide Web. El acceso puede estar limitado para las bibliotecas afiliadas a elibro.
650 #4 - PUNTO DE ACCESO ADICIONAL DE MATERIA--TÉRMINO DE MATERIA
Término de materia o nombre geográfico como elemento de entrada Cicatrización de heridas.
650 #4 - PUNTO DE ACCESO ADICIONAL DE MATERIA--TÉRMINO DE MATERIA
Término de materia o nombre geográfico como elemento de entrada Factores de riesgo.
650 #4 - PUNTO DE ACCESO ADICIONAL DE MATERIA--TÉRMINO DE MATERIA
Término de materia o nombre geográfico como elemento de entrada Heridas y lesiones.
650 #4 - PUNTO DE ACCESO ADICIONAL DE MATERIA--TÉRMINO DE MATERIA
Término de materia o nombre geográfico como elemento de entrada Probabilidad.
650 #4 - PUNTO DE ACCESO ADICIONAL DE MATERIA--TÉRMINO DE MATERIA
Término de materia o nombre geográfico como elemento de entrada Quemaduras.
655 #4 - TERMINO DE INDIZACIÓN--GENERO/FORMA
Datos o término principal de género/forma Libros electrónicos.
700 1# - ENTRADA AGREGADA--NOMBRE PERSONAL
Nombre de persona Fuentes Díaz, Zaily,
Término indicativo de función/relación autor.
700 1# - ENTRADA AGREGADA--NOMBRE PERSONAL
Nombre de persona Puerto Pérez, Tania,
Término indicativo de función/relación autor.
773 08 - ASIENTO DE ITEM FUENTE
Información de relación Contenida en:
Título Revista cubana de cirugía
Parte(s) relacionada(s) Vol. 62, no. 4 (2023), p. 00-00
797 2# - PUNTO DE ACCESO ADICIONAL LOCAL--NOMBRE DE ENTIDAD CORPORATIVA (RLIN)
Nombre de entidad corporativa o nombre de jurisdicción como elemento de entrada elibro, Corp.
856 40 - LOCALIZACIÓN Y ACCESO ELECTRÓNICOS
Identificador Uniforme de Recurso <a href="https://elibro.net/ereader/politecnicointernacional/274355">https://elibro.net/ereader/politecnicointernacional/274355</a>

No hay ítems disponibles.


Politécnico Internacional

Institución de Educación Superior
Vigilado Mineducación.
SNES 4727 +4135 DEL 11 de nov. de 2004

Sedes

Sede Norte - Av. Boyacá 138 - 70

Sede Sur - Autopista Sur No 67 - 71

Sede Av Chile - Calle 73 Nº 10-45

Información Legal

Derechos Pecuniarios | Habeas Data | Reglamento Biblioteca


Compartir

YouTube | Twitter | Facebook | LinkedIn


Comunícate con nosotros:

Admisiones: 60-1-7950000
Atención al cliente: 60-1-4005700